000 00952cam a2200265 a 4500
001 16957433
005 20170105102910.0
008 110912s2012 enk b 001 0 eng
010 _a 2011037653
020 _a9780415696920 (hb : alk. paper)
020 _a9780203124642 (eb : alk. paper)
040 _aDLC
_cDLC
_dDLC
042 _apcc
050 0 0 _aTD898.14.M35
_bA53 2012
082 0 0 _a174/.96214838
_223
100 1 _aAndrén, Mats.
245 1 0 _aNuclear waste management and legitimacy :
_bnihilism and responsibility /
_cMats Andrén.
260 _aAbingdon, Oxon ;
_aNew York :
_bEarthscan,
_c2012.
300 _axi, 110 p. ;
_c25 cm.
504 _aIncludes bibliographical references and index.
650 0 _aRadioactive wastes
_xManagement
_xMoral and ethical aspects.
906 _a7
_bcbc
_corignew
_d1
_eecip
_f20
_gy-gencatlg
942 _2ddc
_cBK
999 _c15083
_d15083